Živé dekorácie : 50 nápadov pre váš zelenší domov /
Gespeichert in:
| 1. Verfasser: | |
|---|---|
| Format: | Buch |
| Sprache: | Slowakisch |
| Veröffentlicht: |
Bratislava :
Lindeni,
2019
|
| Ausgabe: | 1. vydanie |
| Schlagworte: | |
| Tags: |
Keine Tags, Fügen Sie das erste Tag hinzu!
|
MARC
| LEADER | 00000nam a22000003a 4500 | ||
|---|---|---|---|
| 001 | 0078174 | ||
| 003 | SK-STU | ||
| 005 | 20191205112018.3 | ||
| 007 | ta | ||
| 008 | 191205s ----xo-----e------000-0-----d | ||
| 020 | |a 978-80-566-0635-3 | ||
| 040 | |a STU |b slo | ||
| 041 | 0 | |a slo | |
| 044 | |a xo | ||
| 100 | 1 | |a Delvauxová, Catherine |4 aut | |
| 245 | 1 | 0 | |a Živé dekorácie : |b 50 nápadov pre váš zelenší domov / |c aut. Catherine Delvauxová |
| 250 | |a 1. vydanie | ||
| 260 | |a Bratislava : |b Lindeni, |c 2019 | ||
| 300 | |a 143 s. | ||
| 650 | 0 | 7 | |a dekorácia |
| 650 | 0 | 7 | |a popínavé rastliny |
| 650 | 0 | 7 | |a izbové kvety |
| 650 | 0 | 7 | |a starostlivosť o kvety |
| 650 | 0 | 7 | |a okrasná zeleň |
| 996 | |b 284AU08212 |c A* 11469/U |l AAKNST |s P |a 0 |w 0078174_0001 | ||